Normal view
MARC view
- Austin, Richard L.
Entry Personal Name
001 - CONTROL NUMBER
- control field: 7313
003 - CONTROL NUMBER IDENTIFIER
- control field: OSt
005 - DATE AND TIME OF LATEST TRANSACTION
- control field: 20170523152937.0
008 - FIXED-LENGTH DATA ELEMENTS
- fixed length control field: 170523|| aca||aabn | a|a d
040 ## - CATALOGING SOURCE
- Original cataloging agency: OSt
- Transcribing agency: OSt
100 ## - HEADING--PERSONAL NAME
- Personal name: Austin, Richard L.
670 ## - SOURCE DATA FOUND
- Source citation: Work cat.: (OSt)0: Austin, Richard L., Designing the natural landscape /, 1984

PORTAL AKMAL
E-MEL JKDM
AKMAL2U
G-BAM
u-PUSTAKA